01411nam a22001817a 4500003000900000005001700009008004100026040001300067100003100080245005400111260005300165300001900218520076100237942001200998999001901010952010001029952010001129IT-RoPau20220918181219.0140219b xxu||||| |||| 00| 0 eng d cIT-RoPau aSocietà San Paolo914137 aStato personale paolino 2013bComunità e membri aRomabSocietà San Paolo Casa Generaliziac2013 a144 pp.c21 cm aIndice Società San Paolo: fondazione, approvazione, statistiche Circoscrizioni e comunità paoline Governo Generale Case direttamente dipendenti dal Governo Generale: Casa Generalizia - Germania - Italia - Vaticano Province Provincia Argentina - Cile - Perù Provincia Brasile Provincia Colombia - Ecuador - Panamá Provincia Filippine - Macau Provincia Giappone Provincia India - Nigeria Provincia Italia Provincia Messico Provincia Spagna Provincia Stati Uniti Regioni: Regione Australia Regione Canada - Francia Regione Congo Regione Corea Regione Gran Bretagna - Irlanda Regione Polonia Regione Portogallo Regione Venezuela - Bolivia Elenco alfabetico dei membri professi Defunti della Società San Paolo Elenco alfabetico delle comunità 2ddccBK c104231d104231 00102ddc406P_C171aPAULUSbPAULUSd2014-02-19l0oP C1r2014-02-19 00:00:00w2014-02-19yBK 00102ddc406P_C171aPAULUSbPAULUSd2014-02-19l0oP C1r2014-02-19 00:00:00w2014-02-19yBK